Handbuch des serbokroatischen Verbs I Derivation

Bibliographic Details
Main Author: Panzer, Baldur 1934- (Author)
Format: Book
Language:German
PhysicalDescription:S. 192-206 24 cm
Published: Tübingen Max Niemeyer 1989
Subjects:

MARC

LEADER 00000nam a2200000 a 4500
001 vtls001447214
003 SK-MaSNL
005 20260302002200.0
008 240315s1989 DE a r 0 ger
035 |a SNK000402470 
040 |a SNK  |b slo  |c SNK  |e AACR2 
043 |a e-yu--- 
044 |a DE 
072 7 |a 811.163  |2 konspekt 
080 |a 811(=163.4)  |2 1981 
080 |a 81'367.625  |2 1981 
080 |a (0.036.6)  |2 1981 
080 |a (048.8)  |2 1981 
100 1 |a Panzer, Baldur  |d 1934-  |4 aut  |9 296011 
245 1 |a Handbuch des serbokroatischen Verbs  |c Baldur Panzer  |n I  |p Derivation 
260 |a Tübingen  |b Max Niemeyer  |c 1989 
300 |a S. 192-206  |c 24 cm 
500 |a Odtlačok z: Wörterbücher in der Diskussion 
650 0 7 |a srbochorvátčina  |2 SNK  |9 49273 
650 0 7 |a slovesá  |x etymológia  |2 SNK  |9 67116 
650 0 7 |a južnoslovanské jazyky  |2 konspekt  |9 1339 
655 7 |a separáty  |2 SNK  |9 70334 
655 7 |a štúdie  |2 SNK  |9 57033 
958 |a OND 
999 |c 986944  |d 988874 
952 |t P60, <04>, [BOOK], {604}  |a SNK  |b SNK  |y VYP  |7 0  |p 17A0369860  |o snkOIC 6802  |i snkK 934/2002  |0 0  |1 0  |4 0  |d 2002-12-30  |l 0  |r 2005-01-02 00:00:00  |w 2026-02-24